Budget support as more effective aid? recent experiences and emerging lessons

Guardado en:
Detalles Bibliográficos
Otros Autores: Koeberle, Stefan, Stavreski, Zoran, Walliser, Jan
Formato: Libro
Lenguaje:inglés
Publicado: Washington, D.C. <The> World Bank 2006
Materias:
Etiquetas: Agregar Etiqueta
Sin Etiquetas, Sea el primero en etiquetar este registro!

MARC

LEADER 00000nam$a2200000$$$4500
001 0041843
005 20240104135336.2
020 |a 0-8213-6463-4 
041 0 |a eng 
044 |a US 
245 1 0 |a Budget support as more effective aid?  |b recent experiences and emerging lessons  |c Edited by: Stefan Koeberle, Zoran Stavreski, Jan Walliser 
264 1 |a Washington, D.C.  |b <The> World Bank  |c 2006 
300 |a 508 s. 
610 2 0 |a pomoc zahraničná 
610 2 0 |a pomoc rozvojová 
610 2 0 |a krajiny rozvojové 
610 2 0 |a rozpočty 
610 2 0 |a chudoba 
610 2 0 |a chudoba 
610 2 0 |a financie verejné 
610 2 0 |a reformy 
610 2 0 |a manažment 
610 2 0 |a štúdie prípadové 
610 2 0 |a krajiny vyspelé 
700 1 |a Koeberle, Stefan 
700 1 |a Stavreski, Zoran 
700 1 |a Walliser, Jan